000 00609nam a2200229 i 4500
001 C2-0071028
003 PPAK
005 20190630222149.0
008 970429s1977 si |||| ||||| | eng d
040 _aPPAK
_beng
_cPPAK
_erda
082 0 4 _a303.372
_223
090 0 0 _a303.372
_bASI
_dKIH
245 0 0 _aAsian values & modernization
250 _aSeah, Chee-Meow
264 1 _aSingapore :
_bSingapore University Press ,
_c1977
300 _axiii, 100 pages ;
_c21 cm
336 _2rdacontent
_atext
337 _2rdamedia
_aunmediated
338 _2rdacarrier
_avolume
650 1 0 _aValues
942 _ddc
_cB
999 _c8554
_d8554